000
00299 a2200133 4500
000
nam a22 7a 4500
100
_a
Khanna, Kavita
110
_a
Khanna, Kavita
245
_a
Kuby Immunology
250
_a
Latest edition
260
_b
MedTech
_c
2026
264
_b
MedTech
_c
2026
942
_c
BK
999
_c
396794
_d
396794